Filosofía de los valores (Record no. 145442)

MARC details
000 -LEADER
campo de control de longitud fija 00611nam a2200181 4500
001 - NÚMERO DE CONTROL
campo de control 145442
003 - IDENTIFICADOR DE NÚMERO DE CONTROL
campo de control ES-MaACL
005 - FECHA Y HORA DE LA ÚLTIMA TRANSACCIÓN
campo de control 20230906201231.0
007 - CAMPO FIJO DE DESCRIPCIÓN FÍSICA--INFORMACIÓN GENERAL
campo de control de longitud fija t|
008 - DATOS DE LONGITUD FIJA--INFORMACIÓN GENERAL
campo de control de longitud fija 070214s1960 ag r ||||1| spa d
100 1# - ENTRADA PRINCIPAL--NOMBRE DE PERSONA
Nombre de persona Stern, Alfred.
9 (RLIN) 108120
245 10 - MENCIÓN DEL TÍTULO
Título Filosofía de los valores
Resto del título : panorama de las tendencias actuales en Alemania /
Mención de responsabilidad, etc. Alfred Stern ; [traducción de Humberto Piñera Llera].
250 ## - MENCION DE EDICION
Mención de edición 2ª ed. rev. y ampl.
260 ## - PUBLICACIÓN, DISTRIBUCIÓN, ETC.
Lugar de publicación, distribución, etc. Buenos Aires :
Nombre del editor, distribuidor, etc. Compañía General Fabril,
Fecha de publicación, distribución, etc. 1960.
300 ## - DESCRIPCIÓN FÍSICA
Extensión 177 p. ;
Dimensiones 20 cm.
700 1# - ENTRADA AGREGADA--NOMBRE PERSONAL
Nombre de persona Piñera, Humberto.
9 (RLIN) 92267
852 ## - LOCALIZACIÓN
Ubicación ES-MaACL
Número de control de estantería E-9583
Sublocalización o colección R.94060
Holdings
Estatus retirado Estado de pérdida Estado de daño No para préstamo Biblioteca de origen Biblioteca actual Ubicación en estantería Fecha de adquisición Fuente de adquisición Total de préstamos Signatura topográfica completa Código de barras Visto por última vez Precio de reemplazo Tipo de ítem Koha
        Biblioteca del Ateneo de Madrid Biblioteca del Ateneo de Madrid Depósito 2 17/01/2008     E-9583 1151818 23/02/2023 23/02/2023 Libro impreso